000 00326nam a2200145Ia 4500
008 090124s9999 xx 000 0 und d
082 _b43780
245 _aTHE LIFE DIVINE
250 _a0
260 _bSRI AUROBINDO ASHRAM
300 _a15
630 _aTHE LIFE DIVINE
730 _aTHE LIFE DIVINE
942 _cBOOK
999 _c110113
_d110113